000 00451nam a2200157 i 4500
001 32862
003 ES-MaACL
005 20230906154641.0
007 t|
008 030131s1962 sp ||||1| spa d
100 1 _aBermeosolo Jiménez, Francisco.
_928124
245 1 3 _aEl origen del periodismo amarillo /
_cFrancisco Bermeosolo Jiménez.
260 _aMadrid :
_bRialp,
_c1962.
300 _a101 p. ;
_c18 cm.
852 _aES-MaACL
_jC-22415
_bR.50255
999 _c32862
_d32862